| 000 | 01153cam a2200313 a 4500 | ||
|---|---|---|---|
| 999 |
_c656 _d656 |
||
| 001 | 2790661 | ||
| 003 | GZU | ||
| 005 | 20200910093242.0 | ||
| 008 | 810731s1980 enkb b 001 0 eng | ||
| 010 | _a 81104297 | ||
| 015 | _aGB*** | ||
| 020 | _a0714631647 | ||
| 040 |
_aDLC _cDLC _dDLC |
||
| 043 | _af-et--- | ||
| 050 | 0 | 0 |
_aDT383 _b.A24 |
| 082 | 0 | 0 |
_a963/.02 _219 |
| 100 | 1 | _aAbir, Mordechai. | |
| 245 | 1 | 0 |
_aEthiopia and the Red Sea : _bthe rise and decline of the Solomonic dynasty and Muslim-European rivalry in the region / _cMordechai Abir. |
| 260 |
_aLondon : _bF. Cass ; _aTotowa, N.J. : _bBiblio Distribution Centre, _c1980. |
||
| 300 |
_axx, 251 p. : _bmaps ; _c22 cm. |
||
| 500 | _aIncludes index. | ||
| 504 | _aBibliography: p. 237-243. | ||
| 651 | 0 |
_aEthiopia _xHistory _yTo 1490. |
|
| 651 | 0 |
_aEthiopia _xHistory _y1490-1889. |
|
| 710 | 2 |
_aThomas Leiper Kane Collection (Library of Congress. Hebraic Section) _5DLC |
|
| 906 |
_a7 _bcbc _corignew _d3 _encip _f19 _gy-gencatlg |
||
| 942 |
_2lcc _cBK _h383 _iABI _kDT |
||